Пути художественного фильма (1919-1934)

Bibliographic Details
Main Author: Иезуитов Н.
Language:Russian
Published: Москва, Кинофотоиздат, 1934
Subjects:
Format: Book
KOHA link:https://koha.lib.tpu.ru/cgi-bin/koha/opac-detail.pl?biblionumber=317595

MARC

LEADER 00000nam0a2200000 4500
001 317595
005 20231102003006.0
035 |a (RuTPU)RU\TPU\book\343063 
090 |a 317595 
100 |a 20160412d1934 m y0rusy50 ca 
101 0 |a rus 
102 |a RU 
105 |a ac z 000zd 
200 1 |a Пути художественного фильма (1919-1934)  |f Н. Иезуитов 
210 |a Москва  |c Кинофотоиздат  |d 1934 
215 |a 152 с.  |c ил., портр. 
600 1 |a Вертов  |b Д.  |c настоящее имя Денис Аркадьевич Кауфман  |c российский режиссер, сценарист, теоретик кино  |f 1896-1954  |g Дзига  |2 stltpush  |3 (RuTPU)RU\TPU\pers\13283  |9 3956 
600 1 |a Эйзенштейн  |g Сергей Михайлович  |b С. М.  |c российский кинорежиссер  |c теоретик кино  |c педагог  |f 1898-1948  |2 stltpush  |3 (RuTPU)RU\TPU\pers\1433 
600 1 |a Пудовкин  |b В. И.  |c советский кинорежиссер  |c теоретик кино  |f 1893-1953  |g Всеволод Илларионович  |2 stltpush  |3 (RuTPU)RU\TPU\pers\13282  |9 3955 
600 1 |a Козинцев  |b Г. М.  |c советский режиссёр кино и театра, сценарист, педагог. Народный артист СССР (1964)  |f 1905-1973  |g Григорий Михайлович  |2 stltpush  |3 (RuTPU)RU\TPU\pers\36692 
600 1 |a Трауберг  |b Л. З.  |c российский кинорежиссер  |c народный артист России  |f 1902-1990  |g Леонид Захарович  |2 stltpush  |3 (RuTPU)RU\TPU\pers\31909  |9 15979 
600 1 |a Довженко  |b А. П.  |c украинский советский кинорежиссёр, сценарист, актёр, педагог  |c заслуженный деятель искусств Украинской ССР (1940),народный артист РСФСР (1950)  |f 1894-1956  |g Александр Петрович  |2 stltpush  |3 (RuTPU)RU\TPU\pers\36695 
600 1 |a Шенгелая  |b Н. М.  |c кинорежиссёр и кинодраматург. Заслуженный деятель искусств РСФСР (1935). Лауреат Сталинской премии второй степени (1941).  |f 1903-1943  |g Николай Михайлович  |2 stltpush  |3 (RuTPU)RU\TPU\pers\36696 
600 1 |a Юткевич  |b С. И.  |c режиссёр и теоретик кино, театральный художник  |c народный артист СССР, Герой Социалистического труда  |f 1904-1985  |g Сергей Иосифович  |2 stltpush  |3 (RuTPU)RU\TPU\pers\36575  |9 19620 
600 1 |a Александров  |b Г. В.  |c русский кинорежессер  |c настоящая фамилия Мормоненко  |f 1903-1983  |g Григорий Васильевич  |2 stltpush  |3 (RuTPU)RU\TPU\pers\17215  |9 6353 
600 1 |a Кузьмина  |b Е. А.  |c киноактриса, Народная артистка РСФСР  |f 1909-1979  |g Елена Александровна  |2 stltpush  |3 (RuTPU)RU\TPU\pers\31919  |9 15989 
600 1 |a Баталов  |b А. В.  |c российский киноактер  |c кинорежиссер  |f 1928-  |g Алексей Владимирович  |2 stltpush  |3 (RuTPU)RU\TPU\pers\12624  |9 3583 
600 1 |a Бабочкин  |b Б. А.  |c актер, режиссер, народный артист СССР  |f 1904-1975  |g Борис Андреевич  |2 stltpush  |3 (RuTPU)RU\TPU\pers\30285  |9 14641 
606 1 |a Кино  |2 stltpush  |3 (RuTPU)RU\TPU\subj\14361  |9 40764 
610 1 |a художественные фильмы 
610 1 |a создание 
610 1 |a СССР 
610 1 |a Гражданская война 1918-1921 
610 1 |a реализм 
610 1 |a звуковое кино 
610 1 |a кинорежиссеры 
610 1 |a киноактеры 
610 1 |a операторы 
675 |a 791.43  |v 4 
700 1 |a Иезуитов  |b Н. 
801 1 |a RU  |b 63413507  |c 20160412 
801 2 |a RU  |b 63413507  |c 20160516  |g RCR 
942 |c BK